Seu flautim na praça da harmonia (Record no. 192921)

MARC details
000 -LÍDER
campo de controle de tamanho fixo 00367 a2200157 4500
001 - NÚMERO DE CONTROLE
campo de controle 192921
020 ## - ISBN - INTERNATIONAL STANDARD BOOK NUMBER
ISBN - International Standard Book Number 978-85-7153-271-7
040 ## - FONTE DA CATALOGAÇÃO
Instituição que transcreveu o registro Magnum
100 ## - ENTRADA PRINCIPAL--NOME PESSOAL
Nome pessoal Usai, Remo
240 10 - TÍTULO UNIFORME
Título uniforme Seu flautim na praça da harmonia
Idioma da obra por
245 10 - TÍTULO
Título Seu flautim na praça da harmonia
300 ## - DESCRIÇÃO FÍSICA
Extensão 44
362 0# - DATAS DE PUBLICAÇÃO E/OU DESIGNAÇÃO SEQUENCIAL
Datas de publicação e/ou designação sequencial 2011
697 ## - ENTRADA DE ASSUNTO LOCAL--ENTIDADE COLETIVA (RLIN)
Nome corporativo ou nome da jurisdição LITERATURA INFANTO-JUVENIL
942 ## - ELEMENTOS DE ENTRADA ADICIONADOS (KOHA)
Tipo de material Koha Livros
Holdings
Situação do descarte Situação das perdas Situação física Não pode ser emprestado Biblioteca de origem Biblioteca atual Data de aquisição Total de empréstimos Número de chamada completo Código de barras Data de último acesso Data do preço efetivo Tipo de material Koha
        Magnum Magnum 08/06/2024   869.2.1642 MAG00071811 08/06/2024 08/06/2024 Livros
        Magnum Magnum 08/06/2024   869.2.1642 MAG00076506 08/06/2024 08/06/2024 Livros